000 00647nam a2200217 a 4500
005 20240215063831.0
008 010522s1993 r 000 0 eng d
020 _a842068144X
035 _aUPN01000106656
049 _aCG
050 4 _aHD30.23
_bR6.7
100 1 _aRomero, Carlos
245 1 0 _aTeoría de la decisión multicriterio :
_bconceptos, técnicas y aplicaciones /
_cCarlos Romero.
260 _aMadrid :
_bAlianza,
_c1993.
300 _a195 p.
440 0 _aAlianza universidad.
_pTextos ;
_v144
650 7 _aToma de decisiones
_2
_91881
650 4 _aEMPRESAS COMERCIALES
_98100
650 4 _aAdministración
_928
905 _aLibro
999 _c80568
_d80568